000 00345nam a22001337a 4500
020 _a978-81-87671-35-0
082 _a823
_bCAN/C
100 _aJACK CANFIELD, MARK VICTOR HANSEN
245 _aCHICKEN SOUP FOR THE GRIEVING SOUL
260 _aDELHI
_bWELSTLAND LTD
_c2003
300 _a270
650 _aLIFE, DEATH AND OVERCOMING
_zINDIA
942 _cBK
999 _c973
_d973